Corporate governance in Asia <a> comparative perspective

Gespeichert in:
Bibliographische Detailangaben
Format: Buch
Sprache:Englisch
Veröffentlicht: Paris OECD 2001
Schriftenreihe:Governance 2001
Schlagworte:
Tags: Tag hinzufügen
Keine Tags, Fügen Sie das erste Tag hinzu!

MARC

LEADER 00000nam a2200000 4500
001 c129040
005 20221221091439.5
020 |a 92-64-18328-0 
041 0 |a eng 
044 |a FR 
245 1 0 |a Corporate governance in Asia  |b <a> comparative perspective 
264 1 |a Paris  |b OECD  |c 2001 
300 |a 449 s. 
490 1 |a Governance  |v 2001 
830 0 |a Governance  |v 2001 
610 2 0 |a riadenie 
610 2 0 |a korporácie 
610 2 0 |a priemysel 
610 2 0 |a bankovníctvo 
610 2 0 |a porovnanie štatistické medzinárodné 
610 2 0 |a porovnanie medzipodnikové 
610 2 0 |a fondy investičné 
610 2 0 |a Ázia 
610 2 0 |a reformy 
610 2 0 |a podnik 
610 2 0 |a firmy 
610 2 0 |a OECD 
610 2 0 |a svet